<?xml version="1.0" encoding="UTF-8"?>
<collection xmlns="http://www.loc.gov/MARC21/slim">
<record>
  <controlfield tag="001">169905</controlfield>
  <controlfield tag="005">20260306154908.0</controlfield>
  <datafield tag="024" ind1="7" ind2=" ">
    <subfield code="2">doi</subfield>
    <subfield code="a">10.1016/j.quaint.2026.110186</subfield>
  </datafield>
  <datafield tag="024" ind1="8" ind2=" ">
    <subfield code="2">sideral</subfield>
    <subfield code="a">148440</subfield>
  </datafield>
  <datafield tag="037" ind1=" " ind2=" ">
    <subfield code="a">ART-2026-148440</subfield>
  </datafield>
  <datafield tag="041" ind1=" " ind2=" ">
    <subfield code="a">eng</subfield>
  </datafield>
  <datafield tag="100" ind1=" " ind2=" ">
    <subfield code="a">Bisbal-Chinesta, Josep Francesc</subfield>
  </datafield>
  <datafield tag="245" ind1=" " ind2=" ">
    <subfield code="a">Influences of seasonal prey availability and anthropogenic landscape on small-vertebrate based palaeoecological reconstructions: a case study from the mid-late Holocene transition at El Mirador cave (Sierra de Atapuerca, Spain)</subfield>
  </datafield>
  <datafield tag="260" ind1=" " ind2=" ">
    <subfield code="c">2026</subfield>
  </datafield>
  <datafield tag="520" ind1="3" ind2=" ">
    <subfield code="a">Birds of prey and carnivorous mammals are among the primary accumulating agents of faunal remains, mainly isolated bones and teeth in the karst sediment sites. The microvertebrate remains from their feces and pellets tend to be usually dispersed in the sediment at El Mirador cave (Atapuerca, Spain). Although, twenty small accumulations have been recovered in the Chalcolithic (MIR5) and Bronze Age (MIR4) levels. These accumulations contain an extraordinary number of bone remains of amphibians and reptiles, together with small-mammals and birds. Previous taphonomic study done on the most significant accumulation from MIR4 identified it as a pellet produced by a medium-large owl. Here we describe for the first time the whole sample of pellets recovered from El Mirador cave, describing their faunal content and analysing their similarities by means of statistical analyses. Important variations are evidenced, concerning the taxonomic composition and the number of prey species between different pellets in MIR4, which are put in relation with the owl hunting seasonality and the reproductive cycles of herpetofauna. This study permits to contrast between different hypotheses concerning the seasonality and Holocene anthropization of the landscape, and finally to infer how these possible biases (such as seasonality, predation, ethology, phenology and the annual activity of prey species) can affect palaeoenvironmental and palaeoclimatic reconstructions (Habitat Weighting and Mutual Ecogeographic Range methods). The palaeoenvironmental reconstructions using the different seasonal associations indicates changes in the distribution of primary habitats, with increased wet areas between late winter and mid-spring and increased aridity between mid-spring and summer. Palaeoclimatic reconstructions did not reveal significant differences concerning annual or monthly temperatures. The unique faunistic composition of these accumulations is interpreted as a collateral effect of the human impact during the Chalcolithic-Bronze Age transition in Atapuerca area, which forced owls to hunt on less optimal but more seasonally abundant preys.</subfield>
  </datafield>
  <datafield tag="506" ind1="0" ind2=" ">
    <subfield code="a">Access copy available to the general public</subfield>
    <subfield code="f">Unrestricted</subfield>
  </datafield>
  <datafield tag="536" ind1=" " ind2=" ">
    <subfield code="9">info:eu-repo/grantAgreement/ES/MCINN/PID2021-122533NB-I00</subfield>
  </datafield>
  <datafield tag="540" ind1=" " ind2=" ">
    <subfield code="9">info:eu-repo/semantics/openAccess</subfield>
    <subfield code="a">by-nc-nd</subfield>
    <subfield code="u">https://creativecommons.org/licenses/by-nc-nd/4.0/deed.es</subfield>
  </datafield>
  <datafield tag="655" ind1=" " ind2="4">
    <subfield code="a">info:eu-repo/semantics/article</subfield>
    <subfield code="v">info:eu-repo/semantics/publishedVersion</subfield>
  </datafield>
  <datafield tag="700" ind1=" " ind2=" ">
    <subfield code="a">Blain, Hugues-Alexandre</subfield>
  </datafield>
  <datafield tag="700" ind1=" " ind2=" ">
    <subfield code="a">Bañuls-Cardona, Sandra</subfield>
  </datafield>
  <datafield tag="700" ind1=" " ind2=" ">
    <subfield code="a">Rey-Rodríguez, Iván</subfield>
  </datafield>
  <datafield tag="700" ind1=" " ind2=" ">
    <subfield code="a">Núñez Lahuerta, Carmen</subfield>
    <subfield code="0">(orcid)0000-0002-2882-6061</subfield>
  </datafield>
  <datafield tag="700" ind1=" " ind2=" ">
    <subfield code="a">Allué, Ethel</subfield>
  </datafield>
  <datafield tag="700" ind1=" " ind2=" ">
    <subfield code="a">Expósito, Isabel</subfield>
  </datafield>
  <datafield tag="700" ind1=" " ind2=" ">
    <subfield code="a">Cuenca-Bescós, Gloria</subfield>
    <subfield code="u">Universidad de Zaragoza</subfield>
    <subfield code="0">(orcid)0000-0001-5125-9651</subfield>
  </datafield>
  <datafield tag="700" ind1=" " ind2=" ">
    <subfield code="a">Vergès, Josep Maria</subfield>
  </datafield>
  <datafield tag="710" ind1="2" ind2=" ">
    <subfield code="1">2000</subfield>
    <subfield code="2">655</subfield>
    <subfield code="a">Universidad de Zaragoza</subfield>
    <subfield code="b">Dpto. Ciencias de la Tierra</subfield>
    <subfield code="c">Área Paleontología</subfield>
  </datafield>
  <datafield tag="773" ind1=" " ind2=" ">
    <subfield code="g">761 (2026), 110186 [22 pp.]</subfield>
    <subfield code="p">Quat. int.</subfield>
    <subfield code="t">Quaternary International</subfield>
    <subfield code="x">1040-6182</subfield>
  </datafield>
  <datafield tag="856" ind1="4" ind2=" ">
    <subfield code="s">10516087</subfield>
    <subfield code="u">http://zaguan.unizar.es/record/169905/files/texto_completo.pdf</subfield>
    <subfield code="y">Versión publicada</subfield>
  </datafield>
  <datafield tag="856" ind1="4" ind2=" ">
    <subfield code="s">2303462</subfield>
    <subfield code="u">http://zaguan.unizar.es/record/169905/files/texto_completo.jpg?subformat=icon</subfield>
    <subfield code="x">icon</subfield>
    <subfield code="y">Versión publicada</subfield>
  </datafield>
  <datafield tag="909" ind1="C" ind2="O">
    <subfield code="o">oai:zaguan.unizar.es:169905</subfield>
    <subfield code="p">articulos</subfield>
    <subfield code="p">driver</subfield>
  </datafield>
  <datafield tag="951" ind1=" " ind2=" ">
    <subfield code="a">2026-03-06-14:50:12</subfield>
  </datafield>
  <datafield tag="980" ind1=" " ind2=" ">
    <subfield code="a">ARTICLE</subfield>
  </datafield>
</record>
</collection>